Một số văn bản chỉ đạo và quản lý của Đảng, nhà nước đối với hoạt động xuất bản
Giới thiệu các văn bản chỉ đạo của Đảng cùng các văn bản quy phạm pháp luật và quản lý của Nhà nước về hoạt động xuất bản ở Trung ương và địa phương
Salvato in:
| Natura: | Libro |
|---|---|
| Lingua: | Vietnamese |
| Pubblicazione: |
H.
Văn học
2015
|
| Soggetti: | |
| Tags: |
Aggiungi Tag
Nessun Tag, puoi essere il primo ad aggiungerne! !
|
| Thư viện lưu trữ: | Mạng thư viện Đại học Đà Nẵng |
|---|
| LEADER | 01552aam a22003858a 4500 | ||
|---|---|---|---|
| 001 | 000023933 | ||
| 003 | 20386 | ||
| 005 | 20160509090535.0 | ||
| 008 | 160506s2015 viesd | ||
| 020 | |d 2500b | ||
| 041 | 0 | |a vie | |
| 082 | 0 | 4 | |2 23 |a 343.5970998 |b Văn |
| 245 | 1 | 7 | |a Một số văn bản chỉ đạo và quản lý của Đảng, nhà nước đối với hoạt động xuất bản |
| 260 | |a H. |b Văn học |c 2015 | ||
| 300 | |a 528 tr. |b bảng |c 24 cm. | ||
| 500 | |a ĐTTS ghi: Bộ Thông tin và Truyền thông. Cục Xuất bản, In và Phát hành | ||
| 504 | |a Phụ lục: tr. 469-524 | ||
| 520 | |a Giới thiệu các văn bản chỉ đạo của Đảng cùng các văn bản quy phạm pháp luật và quản lý của Nhà nước về hoạt động xuất bản ở Trung ương và địa phương | ||
| 650 | 0 | 4 | |2 Bộ TK TVQG |a Luật xuất bản |z Việt Nam |
| 650 | 7 | |2 Bộ TK TVQG | |
| 650 | 7 | |2 Bộ TK TVQG | |
| 650 | 7 | |2 Bộ TK TVQG | |
| 653 | |a Quản lý nhà nước | ||
| 653 | |a Pháp luật | ||
| 653 | |a Luật xuất bản | ||
| OWN | |a LSP | ||
| AVA | |a UDN50 |b LSP |d 343.5970998 Văn |e available |t Error 5001 Not defined in file expand_doc_bib_avail. |f 2 |g 0 |h N |i 0 |k 1 | ||
| 999 | |a From the UDN01 | ||
| AVA | |a UDN50 |b LSP |d 343.5970998 Văn |e available |t Error 5001 Not defined in file expand_doc_bib_avail. |f 2 |g 0 |h N |i 0 |k 1 | ||
| TYP | |a Monograph | ||
| TYP | |a Printed language | ||
| 980 | |a Mạng thư viện Đại học Đà Nẵng | ||